To study the theory of heat pipes and theoreticaly design a heat pipe to operate under given conditions (Record no. 324169)

000 -LEADER
fixed length control field 00379 a2200133 4500
001 - CONTROL NUMBER
control field 89096
082 ## - DEWEY DECIMAL CLASSIFICATION NUMBER
Classification number PR 823
090 ## - LOCALLY ASSIGNED LC-TYPE CALL NUMBER (OCLC); LOCAL CALL NUMBER (RLIN)
-- 42044
-- 42044
100 ## - MAIN ENTRY--PERSONAL NAME
Personal name Mujeeb Ur Rehman Khan
245 ## - TITLE STATEMENT
Title To study the theory of heat pipes and theoreticaly design a heat pipe to operate under given conditions
260 ## - PUBLICATION, DISTRIBUTION, ETC.
Place of publication, distribution, etc. Karachi
Name of publisher, distributor, etc. NED
Date of publication, distribution, etc. 1983
300 ## - PHYSICAL DESCRIPTION
Extent 120p.
500 ## - GENERAL NOTE
General note BE Project Reports
942 ## - ADDED ENTRY ELEMENTS (KOHA)
Institution code [OBSOLETE] CAE NUST
Call number prefix PR 823
Holdings
Withdrawn status Lost status Damaged status Not for loan Collection code Permanent Location Current Location Date acquired Total Checkouts Full call number Barcode Date last seen Price effective from Koha item type
          College of Aeronautical Engineering (CAE) College of Aeronautical Engineering (CAE) 04/03/2017   PR 823 CAEPR-823 04/05/2017 04/05/2017 Book
© 2023 Central Library, National University of Sciences and Technology. All Rights Reserved.